1395 1893 1573 1112 1796 1350 1647 1865 1735 1966 1190 1287 1736 1415 1213 1230 1738 1835 1714 1362 1595 1294 1020 1732 1187 1917 1308 1592 1481 1990 1729 1301 1342 1779 1083 1565 1853 1922 1018 1628 1351 1583 1747 1703 1182 1923 1912 1378 1360 1310 1296 1123 1735 1022 1698 1959 1194 1708 1717 1170 1103 1809 1316 1269 1343 1121 1454 1789 1289 1943 1461 1035 1442 1597 1153 1057 1859 1271 1053 1853 1119 1035 1218 1762 1635 1493 1605 1751 1271 1206 1113 1681 1129 1148 1493 1578 1974 1184 1437 BCNSPRNW ULIB Ver.6.0+V

เปลี่ยนเป็นภาษาไทย

Change to English
 แสดงรายละเอียดบรรณานุกรม
  กลับหน้าหลัก

Brief Record : Get Marc (ISO 2709) : E-mail record : QR code < ปิดหน้าต่าง
LEADER : 00000nam 2200000uu 4500
001    13399114042
003     ULIB
008    120203s||||||||th 000 0 tha d
020    ^a9786167001106
090    ^aรส^bฟ724บ 2551
100 0  ^aเฟื่องฝน
245 00 ^aบันทึกวุ่นเฮฮา คุณหนูพยาบาลจอมจุ้น/^cเฟื่องฝน
260    ^aกรุงเทพฯ:^bอนิศ พับลิชชิ่ง จำกัด
300    ^a170 หน้า
945    ^p165^l0^i026863
995    ^a เกษร
999    ^aใช้งานได้ทุกระบบ
รายการนี้ยังไม่มีแท็ก
คุณยังไม่ได้ล็อกอิน คุณสามารถมีกิจกรรมร่วมกับเว็บไซต์ได้ แต่ต้องล็อกอินก่อน ::
  ล็อกอิน

รายการสื่อสารสนเทศ

ลำดับที่ ประเภท เลขเรียก/บาร์โค้ด สถานที่ สถานะ
1. วิทยาศาสตร์การแพทย์ และสุขภาพ
วิทยาศาสตร์การแพทย์ และสุขภาพ
รส ฟ724บ 2551  
  Barcode: 026863
ห้องสมุดวิทยาเขตสวรรค์ประชารักษ์
►นวนิยาย
ถูกยืม กำหนดส่งวันที่ 12 ธันวาคม 2559
  จอง

รายการใกล้เคียง
    ผู้แต่ง [เฟื่องฝน]

BibComment


ยังไม่เคยถูกคอมเมนท์

คอมเมนท์ทรัพยากรรายการนี้
  คอมเมนท์: บันทึกวุ่นเฮฮา ค..


 Copyright 2026. Bcnsprnw @Library